[Event "SLO-ch U14"]
[Site "Ptuj"]
[Date "2017.03.01"]
[Round "7"]
[White "Lencek Kranjec, Jozi"]
[Black "Hanc, Nejc"]
[Result "0-1"]
[WhiteElo "1320"]
[BlackElo "1466"]
[PlyCount "70"]
[EventDate "2017.02.25"]
[EventType "swiss"]
[EventRounds "9"]
[EventCountry "SLO"]
[SourceTitle "CBM 177 Extra"]
[Source "ChessBase"]
[SourceDate "2017.04.27"]
[SourceVersion "1"]
[SourceVersionDate "2017.04.27"]
[SourceQuality "1"]

1. e4 e5 2. Nf3 Nc6 3. Bb5 a6 4. Ba4 Nf6 5. d3 b5 6. Bb3 Bc5 7. 0-0 h6 8. c3 d6 9. h3 Bb6 10. Re1 Na5 11. Bc2 c5 12. Nbd2 Nc6 13. Nf1 Ne7 14. Ng3 Ng6 15. d4 cxd4 16. cxd4 0-0 17. d5 Bd7 18. Bd2 Rc8 19. Rc1 Bc5 20. Nf5 Bxf5 21. exf5 Ne7 22. Be3 Nexd5 23. Bb3 Nxe3 24. fxe3 Qb6 25. Rc3 b4 26. Rd3 e4 27. Rd2 Bxe3+ 28. Rxe3 Qxe3+ 29. Kh1 exf3 30. Rd3 Qc1 31. Rxd6 fxg2+ 32. Kxg2 Qxb2+ 33. Rd2 Qc1 34. Rd8 Rfxd8 35. Qxc1 Rxc1 0-1

[Event "SLO-ch U14"]
[Site "Ptuj"]
[Date "2017.02.25"]
[Round "1"]
[White "Siraj, Anej"]
[Black "Lencek Kranjec, Jozi"]
[Result "1-0"]
[WhiteElo "1709"]
[BlackElo "1320"]
[PlyCount "43"]
[EventDate "2017.02.25"]
[EventType "swiss"]
[EventRounds "9"]
[EventCountry "SLO"]
[SourceTitle "CBM 177 Extra"]
[Source "ChessBase"]
[SourceDate "2017.04.27"]
[SourceVersion "1"]
[SourceVersionDate "2017.04.27"]
[SourceQuality "1"]

1. d4 f5 2. Nf3 g6 3. Bf4 Nf6 4. e3 Bg7 5. Bc4 c6 6. Ne5 d5 7. Be2 0-0 8. Nd2 Nbd7 9. Ndf3 Qe8 10. Nxd7 Bxd7 11. Ne5 h6 12. h4 Ne4 13. Rh3 Kh7 14. Bf3 Bf6 15. g4 Bxh4 16. Bxe4 dxe4 17. Rxh4 g5 18. Bxg5 fxg4 19. Rxh6+ Kg7 20. Rg6+ Kh7 21. Ke2 Bf5 22. Qh1# 1-0

[Event "Portoroz op 10th"]
[Site "Portoroz"]
[Date "2016.07.28"]
[Round "7"]
[White "Lencek Kranjec, Jozi"]
[Black "Siraj, Anej"]
[Result "0-1"]
[WhiteElo "1587"]
[BlackElo "1621"]
[PlyCount "82"]
[EventDate "2016.07.23"]
[EventType "swiss"]
[EventRounds "9"]
[EventCountry "SLO"]
[SourceTitle "CBM 173 Extra"]
[Source "ChessBase"]
[SourceDate "2016.08.29"]
[SourceVersion "1"]
[SourceVersionDate "2016.08.29"]
[SourceQuality "1"]

1. e4 e5 2. Nf3 Nc6 3. Bb5 f5 4. d3 Bc5 5. 0-0 d6 6. Re1 Nf6 7. Nbd2 0-0 8. Nf1 Qe8 9. Ng3 f4 10. Ne2 Qg6 11. Kh1 Ng4 12. Rf1 Nxf2+ 13. Rxf2 Bxf2 14. Qf1 Bb6 15. c3 Bg4 16. Ba4 Rf6 17. Bb3+ Kh8 18. Bc2 Qh5 19. h3 Rh6 20. Kh2 Ne7 21. d4 Ng6 22. Neg1 Nh4 23. Nxh4 Qxh4 24. Bd2 Rf8 25. Bd1 Bxd1 26. Rxd1 exd4 27. Be1 Qf6 28. Rd3 Qe5 29. Kh1 Qxe4 30. Bd2 dxc3 31. Rxc3 c6 32. Rc4 Qe5 33. Rxf4 Rxf4 34. Qxf4 Rf6 35. Qg4 Qf5 36. Qxf5 Rxf5 37. Nf3 Kg8 38. Kh2 Kf7 39. Ng5+ Kf6 40. Nxh7+ Kg6 41. g4 Rf2+ 0-1

[Event "Portoroz op 10th"]
[Site "Portoroz"]
[Date "2016.07.23"]
[Round "1"]
[White "Lencek Kranjec, Jozi"]
[Black "Trebizan, David"]
[Result "0-1"]
[WhiteElo "1587"]
[BlackElo "1935"]
[PlyCount "37"]
[EventDate "2016.07.23"]
[EventType "swiss"]
[EventRounds "9"]
[EventCountry "SLO"]
[SourceTitle "CBM 173 Extra"]
[Source "ChessBase"]
[SourceDate "2016.08.29"]
[SourceVersion "1"]
[SourceVersionDate "2016.08.29"]
[SourceQuality "1"]

1. e4 e5 2. Nf3 Nc6 3. Bb5 Nf6 4. d3 d6 5. 0-0 Be7 6. h3 0-0 7. Re1 a6 8. Ba4 b5 9. Bb3 Na5 10. Nbd2 c5 11. c3 Bb7 12. Bc2 Rc8 13. a3 Qc7 14. b3 Nc6 15. b4 Rfe8 16. a4 cxb4 17. Nf1 g6 18. Bh6 Rb8 19. Ne3 0-1